000
00266 a2200085 4500
020
_a
9781592536122
100
_a
Catharine Fishel and Bill Gardner
245
_a
LogoLounge Master Library, Volume 2: 3000 Animal and Mythology Logos
260
_b
Rockport Publishers
_c
2010
999
_c
13256
_d
13256